| 000 | 03966 a2200445 4500 | ||
|---|---|---|---|
| 005 | 20090514110151.0 | ||
| 008 | 090514t xxu||||| |||| 00| f eng d | ||
| 010 | _aENG-85585 B-308402-416 | ||
| 020 |
_a8122204201 _c150.00 |
||
| 020 |
_a9788122204209 _c150.00 |
||
| 035 | _aEN-69118 | ||
| 035 | _a B-308402-416 | ||
| 037 | _bD.B.Act / Pub | ||
| 040 |
_adpl _bEnglish |
||
| 082 | _aN | ||
| 100 | _aRay, Satyajit | ||
| 245 |
_aPhatik Chand / _cby Satyajit Ray ;translated from Bengali by Lila Ray |
||
| 260 |
_aNew Delhi _bOrient Paperbacks _c2006 |
||
| 270 |
_a5A/8, Ansari Road _bNew Delhi _cDelhi _e110002 |
||
| 300 |
_a112p. _c20 cm. (pbk) |
||
| 700 | _aRay, Lila | ||
| 942 |
_adpl _cEN _kN / RAY _2ddc _hN _mRAY |
||
| 999 |
_c3142 _d3142 |
||